000 00540nam a2200193 i 4500
001 bg
100 1 _aBiałasiewicz, Jan T.
245 0 _aOprogramowanie podstawowe komputerowych systemów sterowania /
_cJan Białasiewicz, Andrzej Aderek, Kazimierz Maliszewski.
260 _aWarszawa,
_c1979.
490 1 _aInformatyka
700 1 _aADEREK, Andrzej
700 1 _aMALISZEWSKI, Kazimierz
830 _aInformatyka
040 _cBPK
041 _apol
080 _a681.3
942 _cKS
008 s pl f |000 0 pol
999 _c18936
_d18936
856 _uhttp://koha.tu.koszalin.pl/cgi-bin/koha/opac-detail.pl?biblionumber=18936
_yKatalog online BPK